Statistiques concernant Toutes les premières subdivisions d'Europe sur une carte

Cliquez ici pour prendre le quiz!

Statistiques générales

  • Ce quiz a été pris 19 750 fois
    (15 371 depuis la dernière actualisation)
  • Le résultat moyen est 83 sur 1060

Réponses sur la Carte

Les réponses sont colorées sur une échelle allant du rouge au vert en fonction du pourcentage des utilisateurs qui les ont devinées à leur premier essai. Vous pouvez retrouver ces pourcentages ci-dessous.
 

Statistiques - réponses

PaysType de quizSubdivision% Correct
FranceRégionBretagne
87%
FranceRégionÎle-de-France
87%
FranceRégionCorse
83%
FranceRégionNormandie
83%
Royaume-UniPays ConstitutifAngleterre
81%
Royaume-UniPays ConstitutifÉcosse
81%
FranceRégionGrand Est
80%
FranceRégionProvence-Alpes-Côte d'Azur
80%
Royaume-UniPays ConstitutifPays de Galles
78%
FranceRégionNouvelle-Aquitaine
76%
FranceRégionOccitanie
76%
FranceRégionAuvergne-Rhône-Alpes
75%
EspagneCommunauté AutonomeCatalogne
75%
Royaume-UniProvinceIrlande du Nord
75%
FranceRégionCentre-Val de Loire
74%
FranceRégionHauts-de-France
74%
FranceRégionPays de la Loire
74%
ItalieRégionSardaigne
74%
ItalieRégionSicile
74%
DanemarkRégionJutland central
73%
GrèceDiocèse décentralisésThessalie-Grèce-Centrale
73%
FranceRégionBourgogne-Franche-Comté
72%
FinlandeRégionFinlande Centrale
72%
MalteRégionRégion Centrale
72%
Pays-BasPaysPays-Bas
68%
EspagneCommunauté AutonomeAndalousie
66%
AllemagneÉtats fédérésBerlin
63%
EspagneCommunauté AutonomeCommunauté de Madrid
61%
AllemagneÉtats fédérésBavière
60%
BelgiqueRégionWallonie
60%
BelgiqueRégionFlandre
59%
RussieVilleMoscou
57%
RussieRégionMoscou
57%
DanemarkRégionJutland du Nord
56%
MalteRégionNord
55%
PortugalDistrictLisbonne
53%
NorvègeComtéOslo
50%
EspagneCommunauté AutonomePays basque
50%
SuisseCantonBerne
49%
UkraineRégionKiev
49%
UkraineVilleKiev
49%
LuxembourgCantonLuxembourg
48%
IrlandeVilleDublin
47%
PortugalDistrictPorto
47%
BelgiqueRégionRégion de Bruxelles-Capitale
47%
SuisseCantonGenève
46%
AutricheÉtatVienne
46%
GrèceDiocèse décentralisésCrète
45%
RussieVilleSaint-Pétersbourg
45%
ItalieRégionToscane
45%
RussieRépublique AutonomeCrimée
43%
EspagneCommunauté AutonomeGalice
43%
SuisseCantonZurich
43%
HongrieComtéBudapest
42%
EspagneCommunauté AutonomeÎles Baléares
42%
ItalieRégionLombardie
42%
TchéquieRégionPrague
42%
SuèdeComtéStockholm
42%
RoumanieMunicipalitéBucarest
41%
AllemagneÉtats fédérésHambourg
41%
GrèceDiocèse décentralisésPéloponnèse-Grèce occidentale-Îles Ioniennes
41%
BiélorussieVilleMinsk
40%
BiélorussieRégionMinsk
40%
MonacoSecteur réservéMonaco-Ville
40%
ItalieRégionPiémont
40%
EspagneCommunauté AutonomeCommunauté valencienne
39%
IslandeMunicipalitéReykjavík
39%
DanemarkRégionDanemark du Sud
38%
CroatieComtéZagreb
38%
CroatieVilleZagreb
38%
EspagneCommunauté AutonomeCastille-et-León
37%
Royaume-UniTerritoire d’Outre-MerGibraltar
37%
MalteRégionSud
37%
LettonieVille capitaleRīga
36%
AllemagneÉtats fédérésSaxe
36%
BulgarieProvinceSofia
36%
BulgarieProvinceSofia-ville
36%
EspagneCommunauté AutonomeAragon
35%
ItalieRégionPouilles
33%
Saint-MarinMunicipalitéSaint-Marin
33%
LituanieComtéVilnius
33%
AllemagneÉtats fédérésRhénanie-Palatinat
32%
ItalieRégionLatium
31%
ItalieRégionVénétie
31%
AndorreParoisseAndorre-la-Vieille
30%
SerbieVilleBelgrade
30%
SlovaquieRégionBratislava
30%
ItalieRégionÉmilie-Romagne
30%
SlovénieVilleLjubljana
30%
EspagneCommunauté AutonomeNavarre
30%
AlbanieComtéTiranë
30%
EspagneCommunauté AutonomeCastille-La Manche
29%
Royaume-UniDépendance de la CouronneÎle de Man
29%
EspagneCommunauté AutonomeRégion de Murcie
29%
Macédoine du NordMunicipalitéSaraï
29%
AllemagneÉtats fédérésSarre
29%
ItalieRégionVallée d'Aoste
29%
EspagneCommunauté AutonomeAsturies
28%
AllemagneÉtats fédérésBrême
28%
UkraineRégionDonetsk
28%
EstonieComtéLääne
28%
AllemagneÉtats fédérésBade-Wurtemberg
27%
MoldavieMunicipalitéChisinau
26%
ItalieRégionCalabre
25%
IrlandeVilleCork
25%
IrlandeComtéCork
25%
RussieRégionKaliningrad
25%
ItalieRégionLigurie
25%
MonacoQuartier ordonnancéMonte-Carlo
25%
UkraineRégionOdessa
25%
LiechtensteinMunicipalitéVaduz
25%
GrèceDiocèse décentralisésMacédoine-Thrace
24%
AllemagneÉtats fédérésBasse-Saxe
23%
AllemagneÉtats fédérésBrandebourg
23%
EspagneCommunauté AutonomeEstrémadure
23%
AllemagneÉtats fédérésRhénanie-du-Nord-Westphalie
23%
FinlandeRégionLaponie
22%
CroatieComtéSplit-Dalmatie
22%
SuisseCantonVaud
22%
DanemarkPays ConstitutifÎles Féroé
21%
UkraineRégionKharkiv
21%
KosovoDistrictPristina
21%
AutricheÉtatTyrol
21%
ItalieRégionCampanie
20%
Royaume-UniDépendance de la CouronneJersey
20%
UkraineRégionLviv
20%
MonténégroMunicipalitéPodgorica
20%
AutricheÉtatSalzbourg
20%
Royaume-UniDépendance de la CouronneGuernesey
19%
AllemagneÉtats fédérésHesse
19%
AllemagneÉtats fédérésSchleswig-Holstein
19%
RussieRépubliqueTchétchénie
19%
PortugalDistrictFaro
18%
Bosnie-HerzégovineDivision PolitiqueFéderation de Bosnie-et-Herzegovine
18%
SuisseCantonJura
18%
EspagneCommunauté AutonomeLa Rioja
18%
ItalieRégionOmbrie
18%
SuisseCantonTessin
18%
AllemagneÉtats fédérésThuringe
18%
ItalieRégionTrentin-Haut-Adige
18%
SuisseCantonValais
18%
ItalieRégionAbruzzes
17%
MonténégroMunicipalitéBar
17%
EspagneCommunauté AutonomeCantabrie
17%
CroatieComtéDubrovnik-Neretva
17%
ItalieRégionFrioul-Vénétie Julienne
17%
UkraineRégionLouhansk
17%
AllemagneÉtats fédérésMecklembourg-Poméranie-Occidentale
17%
PortugalDistrictBraga
16%
SuisseCantonFribourg
16%
TchéquieRégionMoravie-Silésie
16%
SuisseCantonNeuchâtel
16%
AllemagneÉtats fédérésSaxe-Anhalt
16%
PortugalRégion AutonomeAçores
15%
PologneProvinceCouïavie-Poméranie
15%
IrlandeVilleGalway
15%
IrlandeComtéGalway
15%
ItalieRégionMarches
15%
PologneProvincePoméranie
15%
RussieRégionRostov
15%
RussieVilleSébastopol
15%
NorvègeTerritoireSvalbard
15%
SuisseCantonGrisons
14%
SlovénieMunicipalitéLuče
14%
RussieRégionVolgograd
14%
ItalieRégionBasilicate
13%
BiélorussieRégionBrest
13%
SuisseCantonLucerne
13%
RussieRégionMourmansk
13%
PologneProvinceSilésie
13%
SuisseCantonBâle-Campagne
12%
SuisseCantonBâle-Ville
12%
RussieRépubliqueCarélie
12%
UkraineRégionDnipropetrovsk
12%
SuisseCantonSaint-Gall
12%
SuisseCantonUri
12%
GrèceDiocèse décentralisésAttique
11%
RoumanieComtéCluj
11%
LituanieComtéKaunas
11%
UkraineRégionKherson
11%
IrlandeVille/ComtéLimerick
11%
ItalieRégionMolise
11%
RussieRégionNijni Novgorod
11%
RussieRégionNovgorod
11%
PortugalDistrictCoimbra
10%
RussieRépubliqueDaghestan
10%
MoldavieTerritoire AutonomeTransnistrie
10%
UkraineRégionZaporijjia
10%
SuisseCantonArgovie
9%
SerbieDistrictBor
9%
GrèceDiocèse décentralisésÉgée
9%
GrèceDiocèse décentralisésÉpire-Macédoine occidentale
9%
LuxembourgCantonEsch-sur-Alzette
9%
SuèdeComtéGotland
9%
RussieTerritoireKrasnodar
9%
RussieRégionLéningrad
9%
IrlandeComtéMayo
9%
Bosnie-HerzégovineDivision PolitiqueRépublique serbe de Bosnie
9%
SuisseCantonSchwytz
9%
SuisseCantonSoleure
9%
SuisseCantonZoug
9%
FinlandeRégionÅland
8%
SuisseCantonAppenzell Rhodes-Extérieures
8%
SuisseCantonAppenzell Rhodes-Intérieures
8%
AutricheÉtatBasse-Autriche
8%
AutricheÉtatCarinthie
8%
FinlandeRégionFinlande du Sud-Ouest
8%
SuisseCantonGlaris
8%
AutricheÉtatHaute-Autriche
8%
CroatieComtéIstrie
8%
PologneProvinceŁódź
8%
SuisseCantonNidwald
8%
SuisseCantonObwald
8%
RussieRépubliqueOssétie du Nord-Alanie
8%
RussieTerritoirePerm
8%
SuisseCantonSchaffhouse
8%
AutricheÉtatStyrie
8%
SuisseCantonThurgovie
8%
BulgarieProvinceVarna
8%
SlovénieVilleMaribor
7%
DanemarkRégionRégion-Capitale
7%
EstonieComtéSaare
7%
PortugalDistrictSetúbal
7%
MalteRégionSud-Est
7%
NorvègeComtéTroms og Finnmark
7%
CroatieComtéZadar
7%
RussieRégionBelgorod
6%
AutricheÉtatBurgenland
6%
RoumanieComtéConstanța
6%
AlbanieComtéDurrës
6%
PortugalDistrictÉvora
6%
MalteRégionGozo
6%
PologneProvinceGrande-Pologne
6%
MonacoQuartier ordonnancéLa Rousse
6%
PologneProvinceLublin
6%
PologneProvinceMasovie
6%
PologneProvincePetite-Pologne
6%
BulgarieProvincePlovdiv
6%
PologneProvincePoméranie occidentale
6%
RussieRégionSamara
6%
RussieRégionSmolensk
6%
RussieRépubliqueTatarstan
6%
RoumanieComtéTimiș
6%
HongrieComtéVas
6%
RussieRégionVladimir
6%
AutricheÉtatVorarlberg
6%
IrlandeVille/ComtéWaterford
6%
RussieRégionArkhangelsk
5%
RussieRégionAstrakhan
5%
PortugalDistrictAveiro
5%
PologneProvinceBasse-Silésie
5%
BulgarieProvinceBourgas
5%
PortugalDistrictBragance
5%
IrlandeComtéDonegal
5%
MonacoQuartier ordonnancéFontvieille
5%
BiélorussieRégionGomel
5%
RussieRépubliqueIngouchie
5%
UkraineRégionIvano-Frankivsk
5%
IrlandeComtéKerry
5%
IrlandeComtéKilkenny
5%
SlovaquieRégionKošice
5%
RussieRégionKoursk
5%
TchéquieRégionPilsen
5%
RussieRégionPskov
5%
SuèdeComtéScanie
5%
DanemarkRégionSjælland
5%
IrlandeComtéSligo
5%
RussieRégionTver
5%
SuèdeComtéUppsala
5%
RussieRégionVoronej
5%
RussieRépubliqueAdyguée
4%
RoumanieComtéAlba
4%
PologneProvinceBasses-Carpates
4%
PortugalDistrictBeja
4%
RoumanieComtéBrașov
4%
RussieRégionBriansk
4%
AndorreParoisseCanillo
4%
FinlandeRégionCarélie du Nord
4%
FinlandeRégionCarélie du Sud
4%
PortugalDistrictCastelo Branco
4%
LuxembourgCantonDiekirch
4%
SlovénieMunicipalitéDol pri Ljubljani
4%
AndorreParoisseEncamp
4%
AndorreParoisseEscaldes-Engordany
4%
BiélorussieRégionGrodno
4%
PortugalDistrictGuarda
4%
HongrieComtéGyőr-Moson-Sopron
4%
RoumanieComtéIași
4%
MonacoQuartier ordonnancéJardin Exotique
4%
RussieRégionKirov
4%
LituanieComtéKlaipėda
4%
MonténégroMunicipalitéKotor
4%
MonacoQuartier ordonnancéLa Condamine
4%
AndorreParoisseLa Massana
4%
MonacoQuartier ordonnancéLarvotto
4%
PortugalDistrictLeiria
4%
GrèceRépublique autonomeMont Athos
4%
UkraineRégionMykolaïv
4%
NorvègeComtéNordland
4%
PologneProvinceOpole
4%
AndorreParoisseOrdino
4%
RussieRégionOrel
4%
KosovoDistrictPejë / Peć
4%
HongrieComtéPest
4%
RussieRépubliqueRépublique des Komis
4%
RussieRégionRiazan
4%
BulgarieProvinceRoussé
4%
PologneProvinceSainte-Croix
4%
PortugalDistrictSantarém
4%
AndorreParoisseSant Julià de Lòria
4%
RussieRégionSaratov
4%
LiechtensteinMunicipalitéSchaan
4%
AlbanieComtéShkodër
4%
UkraineRégionSoumy
4%
EstonieComtéTartu
4%
IrlandeComtéTipperary
4%
PologneProvinceVarmie-Mazurie
4%
PortugalDistrictViana do Castelo
4%
PortugalDistrictVila Real
4%
PortugalDistrictViseu
4%
BiélorussieRégionVitebsk
4%
AlbanieComtéVlorë
4%
IrlandeComtéWexford
4%
NorvègeComtéAgder
3%
IslandeMunicipalitéAkureyri
3%
RoumanieComtéArad
3%
RussieRépubliqueBachkortostan
3%
MoldavieMunicipalitéBălți
3%
AlbanieComtéBerat
3%
SlovénieMunicipalitéBled
3%
TchéquieRégionBohême centrale
3%
TchéquieRégionBohême-du-Sud
3%
Bosnie-HerzégovineDistrictBrčko
3%
FinlandeRégionCajanie
3%
LuxembourgCantonCapellen
3%
IrlandeComtéCarlow
3%
IrlandeComtéCavan
3%
IrlandeComtéClare
3%
LuxembourgCantonClervaux
3%
LettonieVille capitaleDaugavpils
3%
AlbanieComtéDibër
3%
LuxembourgCantonEchternach
3%
AlbanieComtéElbasan
3%
AlbanieComtéFier
3%
RoumanieComtéGalați
3%
AlbanieComtéGjirokastër
3%
SlovénieMunicipalitéGornji Grad
3%
SlovénieMunicipalitéGrad
3%
LuxembourgCantonGrevenmacher
3%
SuèdeComtéHalland
3%
RussieRégionIaroslavl
3%
RussieRégionIvanovo
3%
UkraineRégionJytomyr
3%
RussieRépubliqueKabardino-Balkarie
3%
SuèdeComtéKalmar
3%
RussieRépubliqueKalmoukie
3%
RussieRégionKalouga
3%
RussieRépubliqueKaratchaïévo-Tcherkessie
3%
IrlandeComtéKildare
3%
AlbanieComtéKorçë
3%
AlbanieComtéKukës
3%
IrlandeComtéLaois
3%
IrlandeComtéLeitrim
3%
MonacoQuartier ordonnancéLes Moneghetti
3%
AlbanieComtéLezhë
3%
TchéquieRégionLiberec
3%
CroatieComtéLika-Senj
3%
RussieRégionLipetsk
3%
IrlandeComtéLongford
3%
IrlandeComtéLouth
3%
PologneProvinceLubusz
3%
RussieRépubliqueMari El
3%
IrlandeComtéMeath
3%
LuxembourgCantonMersch
3%
BiélorussieRégionMoguilev
3%
IrlandeComtéMonaghan
3%
BulgarieProvinceMontana
3%
TchéquieRégionMoravie-du-Sud
3%
RussieRépubliqueMordovie
3%
NorvègeComtéMøre og Romsdal
3%
RussieDistrict AutonomeNénétsie
3%
SlovaquieRégionNitra
3%
IrlandeComtéOffaly
3%
TchéquieRégionOlomouc
3%
RussieRégionOrenbourg
3%
CroatieComtéOsijek-Baranja
3%
FinlandeRégionOstrobotnie
3%
FinlandeRégionOstrobotnie centrale
3%
FinlandeRégionOstrobotnie du Nord
3%
FinlandeRégionOstrobotnie du Sud
3%
RussieRépubliqueOudmourtie
3%
EstonieComtéPärnu
3%
RussieRégionPenza
3%
BulgarieProvincePleven
3%
PologneProvincePodlachie
3%
UkraineRégionPoltava
3%
PortugalDistrictPortalegre
3%
CroatieComtéPožega-Slavonie
3%
MonacoSecteur réservéRavin de Sainte-Dévote
3%
BulgarieProvinceRazgrad
3%
LuxembourgCantonRedange
3%
LuxembourgCantonRemich
3%
UkraineRégionRivne
3%
IrlandeComtéRoscommon
3%
FinlandeRégionSavonie du Nord
3%
FinlandeRégionSavonie du Sud
3%
Saint-MarinMunicipalitéSerravalle
3%
CroatieComtéŠibenik-Knin
3%
RussieTerritoireStavropol
3%
RussieRégionTambov
3%
UkraineRégionTchernihiv
3%
RussieRépubliqueTchouvachie
3%
UkraineRégionTernopil
3%
RussieRégionToula
3%
NorvègeComtéTrøndelag
3%
FinlandeRégionUusimaa
3%
NorvègeComtéVestfold og Telemark
3%
NorvègeComtéVestland
3%
LuxembourgCantonVianden
3%
BulgarieProvinceVidin
3%
NorvègeComtéViken
3%
RussieRégionVologda
3%
CroatieComtéVukovar-Syrmie
3%
IrlandeComtéWestmeath
3%
IrlandeComtéWicklow
3%
LuxembourgCantonWiltz
3%
SlovaquieRégionŽilina
3%
Saint-MarinMunicipalitéAcquaviva
2%
IslandeMunicipalitéAkrahreppur
2%
LituanieComtéAlytus
2%
RoumanieComtéArgeș
2%
RoumanieComtéBacău
2%
SerbieDistrictBačka méridionale
2%
SerbieDistrictBačka septentrionale
2%
HongrieComtéBács-Kiskun
2%
LiechtensteinMunicipalitéBalzers
2%
SerbieDistrictBanat méridional
2%
SlovaquieRégionBanská Bystrica
2%
HongrieComtéBaranya
2%
HongrieComtéBékés
2%
MonténégroMunicipalitéBerane
2%
RoumanieComtéBihor
2%
MonténégroMunicipalitéBijelo Polje
2%
Macédoine du NordMunicipalitéBitola
2%
CroatieComtéBjelovar-Bilogora
2%
BulgarieProvinceBlagoevgrad
2%
SuèdeComtéBlekinge
2%
Saint-MarinMunicipalitéBorgo Maggiore
2%
HongrieComtéBorsod-Abaúj-Zemplén
2%
RoumanieComtéBotoșani
2%
RoumanieComtéBrăila
2%
CroatieComtéBrod-Posavina
2%
MonténégroMunicipalitéBudva
2%
RoumanieComtéBuzău
2%
RoumanieComtéCălărași
2%
MoldavieDistrictCălărași
2%
RoumanieComtéCaraș-Severin
2%
SlovénieVilleCelje
2%
MonténégroMunicipalitéCetinje
2%
Saint-MarinMunicipalitéChiesanuova
2%
BulgarieProvinceChoumen
2%
HongrieComtéCsongrád-Csanád
2%
IslandeMunicipalitéDalabyggð
2%
SuèdeComtéDalécarlie
2%
MonténégroMunicipalitéDanilovgrad
2%
BulgarieProvinceDobritch
2%
Saint-MarinMunicipalitéDomagnano
2%
IrlandeComtéDublin Sud
2%
IrlandeComtéDún Laoghaire–Rathdown
2%
LiechtensteinMunicipalitéEschen
2%
Saint-MarinMunicipalitéFaetano
2%
HongrieComtéFejér
2%
IrlandeComtéFingal
2%
Saint-MarinMunicipalitéFiorentino
2%
BulgarieProvinceGabrovo
2%
MoldavieTerritoire AutonomeGagaouzie
2%
LiechtensteinMunicipalitéGamprin
2%
SuèdeComtéGävleborg
2%
RoumanieComtéGiurgiu
2%
RoumanieComtéGorj
2%
HongrieComtéHajdú-Bihar
2%
EstonieComtéHarju
2%
BulgarieProvinceHaskovo
2%
MonténégroMunicipalitéHerceg Novi
2%
HongrieComtéHeves
2%
EstonieComtéHiiu
2%
TchéquieRégionHradec Králové
2%
RoumanieComtéIlfov
2%
NorvègeComtéInnlandet
2%
SuèdeComtéJämtland
2%
EstonieComtéJärva
2%
HongrieComtéJász-Nagykun-Szolnok
2%
EstonieComtéJõgeva
2%
SuèdeComtéJönköping
2%
LettonieVille capitaleJūrmala
2%
FinlandeRégionKanta-Häme
2%
BulgarieProvinceKardjali
2%
CroatieComtéKarlovac
2%
TchéquieRégionKarlovy Vary
2%
UkraineRégionKhmelnytskyï
2%
UkraineRégionKirovohrad
2%
MonténégroMunicipalitéKolašin
2%
HongrieComtéKomárom-Esztergom
2%
SlovénieVilleKoper
2%
CroatieComtéKoprivnica-Križevci
2%
RussieRégionKostroma
2%
SlovénieVilleKranj
2%
CroatieComtéKrapina-Zagorje
2%
SuèdeComtéKronoberg
2%
BulgarieProvinceKyoustendil
2%
LettonieVille capitaleLiepāja
2%
SlovénieMunicipalitéLog-Dragomer
2%
BulgarieProvinceLovetch
2%
Macédoine du NordMunicipalitéMakedonski Brod
2%
RoumanieComtéMaramureș
2%
LituanieComtéMarijampolė
2%
LiechtensteinMunicipalitéMauren
2%
CroatieComtéMeđimurje
2%
KosovoDistrictMitrovicë / Kosovska Mitrovica
2%
Saint-MarinMunicipalitéMontegiardino
2%
RoumanieComtéMureș
2%
MonténégroMunicipalitéNikšić
2%
HongrieComtéNógrád
2%
SuèdeComtéNorrbotten
2%
SlovénieVilleNovo Mesto
2%
Macédoine du NordMunicipalitéOhrid
2%
RoumanieComtéOlt
2%
SuèdeComtéÖrebro
2%
SuèdeComtéÖstergötland
2%
RussieRégionOulianovsk
2%
FinlandeRégionPäijät-Häme
2%
LituanieComtéPanevėžys
2%
TchéquieRégionPardubice
2%
BulgarieProvincePazardjik
2%
BulgarieProvincePernik
2%
SlovénieMunicipalitéPiran
2%
FinlandeRégionPirkanmaa
2%
LiechtensteinMunicipalitéPlanken
2%
MonténégroMunicipalitéPlav
2%
SerbieDistrictPodunavlje
2%
EstonieComtéPõlva
2%
SlovaquieRégionPrešov
2%
CroatieComtéPrimorje-Gorski Kotar
2%
KosovoDistrictPrizren
2%
EstonieComtéRapla
2%
NorvègeComtéRogaland
2%
LiechtensteinMunicipalitéRuggell
2%
SlovénieMunicipalitéRuše
2%
FinlandeRégionSatakunta
2%
RoumanieComtéSatu Mare
2%
LiechtensteinMunicipalitéSchellenberg
2%
LituanieComtéŠiauliai
2%
RoumanieComtéSibiu
2%
BulgarieProvinceSilistra
2%
CroatieComtéSisak-Moslavina
2%
BulgarieProvinceSliven
2%
BulgarieProvinceSmolyan
2%
SuèdeComtéSödermanland
2%
HongrieComtéSomogy
2%
BulgarieProvinceStara Zagora
2%
RoumanieComtéSuceava
2%
HongrieComtéSzabolcs-Szatmár-Bereg
2%
BulgarieProvinceTargovichte
2%
UkraineRégionTcherkassy
2%
UkraineRégionTchernivtsi
2%
MonténégroMunicipalitéTivat
2%
HongrieComtéTolna
2%
UkraineRégionTranscarpatie
2%
SlovaquieRégionTrenčín
2%
LiechtensteinMunicipalitéTriesen
2%
LiechtensteinMunicipalitéTriesenberg
2%
SlovaquieRégionTrnava
2%
RoumanieComtéTulcea
2%
MonténégroMunicipalitéUlcinj
2%
TchéquieRégionÚstí nad Labem
2%
LituanieComtéUtena
2%
EstonieComtéValga
2%
FinlandeRégionVallée de la Kymi
2%
CroatieComtéVaraždin
2%
SuèdeComtéVärmland
2%
SuèdeComtéVästerbotten
2%
SuèdeComtéVästernorrland
2%
SuèdeComtéVästmanland
2%
SuèdeComtéVästra Götaland
2%
BulgarieProvinceVeliko Tarnovo
2%
LettonieVille capitaleVentspils
2%
LettonieMunicipalitéVentspils
2%
HongrieComtéVeszprém
2%
EstonieComtéViljandi
2%
UkraineRégionVinnytsia
2%
CroatieComtéVirovitica-Podravina
2%
EstonieComtéViru-Est
2%
EstonieComtéViru-Ouest
2%
UkraineRégionVolhynie
2%
EstonieComtéVõru
2%
BulgarieProvinceVratsa
2%
TchéquieRégionVysočina
2%
BulgarieProvinceYambol
2%
MonténégroMunicipalitéŽabljak
2%
HongrieComtéZala
2%
TchéquieRégionZlín
2%
LettonieMunicipalitéĀdaži
1%
Macédoine du NordMunicipalitéAerodrom
1%
LettonieMunicipalitéAizkraukle
1%
SlovénieMunicipalitéAjdovščina
1%
IslandeMunicipalitéAkranes
1%
LettonieMunicipalitéAlūksne
1%
MonténégroMunicipalitéAndrijevica
1%
MoldavieDistrictAnenii Noi
1%
SlovénieMunicipalitéAnkaran
1%
SlovénieMunicipalitéApače
1%
Macédoine du NordMunicipalitéAratchinovo
1%
IslandeMunicipalitéÁrborg
1%
IslandeMunicipalitéÁrneshreppur
1%
IslandeMunicipalitéÁsahreppur
1%
LettonieMunicipalitéAugšdaugava
1%
SerbieDistrictBačka occidentale
1%
LettonieMunicipalitéBalvi
1%
SerbieDistrictBanat Central
1%
SerbieDistrictBanat septentrional
1%
MoldavieDistrictBasarabeasca
1%
LettonieMunicipalitéBauska
1%
SlovénieMunicipalitéBeltinci
1%
MoldavieMunicipalitéBender
1%
SlovénieMunicipalitéBenedikt
1%
Macédoine du NordMunicipalitéBerovo
1%
SlovénieMunicipalitéBistrica ob Sotli
1%
RoumanieComtéBistrița-Năsăud
1%
IslandeMunicipalitéBláskógabyggð
1%
SlovénieMunicipalitéBloke
1%
IslandeMunicipalitéBlönduósbær
1%
Macédoine du NordMunicipalitéBogdantsi
1%
Macédoine du NordMunicipalitéBogovinye
1%
SlovénieMunicipalitéBohinj
1%
IslandeMunicipalitéBolungarvík
1%
IslandeMunicipalitéBorgarbyggð
1%
IslandeMunicipalitéBorgarfjarðarhreppur
1%
SlovénieMunicipalitéBorovnica
1%
Macédoine du NordMunicipalitéBosilovo
1%
Macédoine du NordMunicipalitéBoutel
1%
SlovénieMunicipalitéBovec
1%
SerbieDistrictBraničevo
1%
SlovénieMunicipalitéBraslovče
1%
SlovénieMunicipalitéBrda
1%
SlovénieMunicipalitéBrežice
1%
SlovénieMunicipalitéBrezovica
1%
MoldavieDistrictBriceni
1%
Macédoine du NordMunicipalitéBrvenitsa
1%
MoldavieDistrictCahul
1%
SlovénieMunicipalitéCankova
1%
MoldavieDistrictCantemir
1%
MoldavieDistrictCăușeni
1%
SlovénieMunicipalitéCerklje na Gorenjskem
1%
SlovénieMunicipalitéCerknica
1%
SlovénieMunicipalitéCerkno
1%
SlovénieMunicipalitéCerkvenjak
1%
LettonieMunicipalitéCēsis
1%
Macédoine du NordMunicipalitéChouto Orizari
1%
Macédoine du NordMunicipalitéChtip
1%
MoldavieDistrictCimișlia
1%
SlovénieMunicipalitéCirkulane
1%
LettonieMunicipalitéCourlande du Sud
1%
RoumanieComtéCovasna
1%
SlovénieMunicipalitéČrenšovci
1%
MoldavieDistrictCriuleni
1%
SlovénieMunicipalitéČrna na Koroškem
1%
SlovénieMunicipalitéČrnomelj
1%
IslandeMunicipalitéDalvíkurbyggð
1%
RoumanieComtéDâmbovița
1%
Macédoine du NordMunicipalitéDebar
1%
Macédoine du NordMunicipalitéDebartsa
1%
Macédoine du NordMunicipalitéDeltchevo
1%
Macédoine du NordMunicipalitéDemir Hisar
1%
Macédoine du NordMunicipalitéDemir Kapija
1%
SlovénieMunicipalitéDestrnik
1%
SlovénieMunicipalitéDivača
1%
IslandeMunicipalitéDjúpavogshreppur
1%
LettonieMunicipalitéDobele
1%
SlovénieMunicipalitéDobje
1%
SlovénieMunicipalitéDobrepolje
1%
SlovénieMunicipalitéDobrna
1%
SlovénieMunicipalitéDobrova–Polhov Gradec
1%
SlovénieMunicipalitéDobrovnik
1%
Macédoine du NordMunicipalitéDoïran
1%
SlovénieMunicipalitéDolenjske Toplice
1%
RoumanieComtéDolj
1%
Macédoine du NordMunicipalitéDolneni
1%
SlovénieMunicipalitéDomžale
1%
MoldavieDistrictDondușeni
1%
SlovénieMunicipalitéDornava
1%
SlovénieMunicipalitéDravograd
1%
MoldavieDistrictDrochia
1%
MoldavieDistrictDubăsari
1%
SlovénieMunicipalitéDuplek
1%
MoldavieDistrictEdineț
1%
IslandeMunicipalitéEyjafjarðarsveit
1%
IslandeMunicipalitéEyja- og Miklaholtshreppur
1%
MoldavieDistrictFălești
1%
KosovoDistrictFerizaj / Uroševac
1%
IslandeMunicipalitéFjallabyggð
1%
IslandeMunicipalitéFjarðabyggð
1%
IslandeMunicipalitéFljótsdalshérað
1%
IslandeMunicipalitéFljótsdalshreppur
1%
IslandeMunicipalitéFlóahreppur
1%
MoldavieDistrictFlorești
1%
IslandeMunicipalitéGarðabær
1%
Macédoine du NordMunicipalitéGazi Baba
1%
KosovoDistrictGjakovë / Đakovica
1%
KosovoDistrictGjilan / Gnjilane
1%
MoldavieDistrictGlodeni
1%
SlovénieMunicipalitéGorenja Vas–Poljane
1%
SlovénieMunicipalitéGorišnica
1%
SlovénieMunicipalitéGorje
1%
SlovénieMunicipalitéGornja Radgona
1%
SlovénieMunicipalitéGornji Petrovci
1%
Macédoine du NordMunicipalitéGostivar
1%
Macédoine du NordMunicipalitéGradsko
1%
IslandeMunicipalitéGrímsnes- og Grafningshreppur
1%
IslandeMunicipalitéGrindavik
1%
SlovénieMunicipalitéGrosuplje
1%
IslandeMunicipalitéGrundarfjörður
1%
IslandeMunicipalitéGrýtubakkahreppur
1%
Macédoine du NordMunicipalitéGuevgueliya
1%
Macédoine du NordMunicipalitéGuiortché Pétrov
1%
LettonieMunicipalitéGulbene
1%
MonténégroMunicipalitéGusinje
1%
IslandeMunicipalitéHafnarfjörður
1%
SlovénieMunicipalitéHajdina
1%
RoumanieComtéHarghita
1%
IslandeMunicipalitéHelgafellssveit
1%
MoldavieDistrictHîncești
1%
SlovénieMunicipalitéHoče–Slivnica
1%
SlovénieMunicipalitéHodoš
1%
IslandeMunicipalitéHörgársveit
1%
SlovénieMunicipalitéHorjul
1%
IslandeMunicipalitéHornafjörður
1%
SlovénieMunicipalitéHrastnik
1%
SlovénieMunicipalitéHrpelje-Kozina
1%
IslandeMunicipalitéHrunamannahreppur
1%
IslandeMunicipalitéHúnaþing vestra
1%
IslandeMunicipalitéHúnavatnshreppur
1%
RoumanieComtéHunedoara
1%
IslandeMunicipalitéHvalfjarðarsveit
1%
IslandeMunicipalitéHveragerði
1%
RoumanieComtéIalomița
1%
MoldavieDistrictIaloveni
1%
SlovénieMunicipalitéIdrija
1%
SlovénieMunicipalitéIg
1%
IslandeMunicipalitéÎles Vestmann
1%
Macédoine du NordMunicipalitéIlinden
1%
SlovénieMunicipalitéIlirska Bistrica
1%
IslandeMunicipalitéÍsafjarðarbær
1%
SlovénieMunicipalitéIvančna Gorica
1%
SlovénieMunicipalitéIzola
1%
SerbieDistrictJablanica
1%
LettonieMunicipalitéJēkabpils
1%
LettonieMunicipalitéJelgava
1%
LettonieVille capitaleJelgava
1%
Macédoine du NordMunicipalitéJelino
1%
SlovénieMunicipalitéJesenice
1%
SlovénieMunicipalitéJezersko
1%
SlovénieMunicipalitéJuršinci
1%
IslandeMunicipalitéKaldrananeshreppur
1%
SlovénieMunicipalitéKamnik
1%
SlovénieMunicipalitéKanal
1%
Macédoine du NordMunicipalitéKarbintsi
1%
Macédoine du NordMunicipalitéKarpoch
1%
Macédoine du NordMunicipalitéKavadartsi
1%
LettonieMunicipalitéĶekava
1%
SlovénieMunicipalitéKidričevo
1%
Macédoine du NordMunicipalitéKisela Voda
1%
Macédoine du NordMunicipalitéKitchevo
1%
IslandeMunicipalitéKjósarhreppur
1%
SlovénieMunicipalitéKobarid
1%
SlovénieMunicipalitéKobilje
1%
SlovénieMunicipalitéKočevje
1%
SerbieDistrictKolubara
1%
SlovénieMunicipalitéKomen
1%
SlovénieMunicipalitéKomenda
1%
Macédoine du NordMunicipalitéKontché
1%
IslandeMunicipalitéKópavogur
1%
SlovénieMunicipalitéKostanjevica na Krki
1%
SlovénieMunicipalitéKostel
1%
Macédoine du NordMunicipalitéKotchani
1%
Macédoine du NordMunicipalitéKoumanovo
1%
SlovénieMunicipalitéKozje
1%
SlovénieMunicipalitéKranjska Gora
1%
LettonieMunicipalitéKrāslava
1%
Macédoine du NordMunicipalitéKratovo
1%
Macédoine du NordMunicipalitéKriva Palanka
1%
Macédoine du NordMunicipalitéKrivogachtani
1%
SlovénieMunicipalitéKriževci
1%
Macédoine du NordMunicipalitéKrouchevo
1%
SlovénieMunicipalitéKrško
1%
LettonieMunicipalitéKuldīga
1%
SlovénieMunicipalitéKungota
1%
SlovénieMunicipalitéKuzma
1%
IslandeMunicipalitéLanganesbyggð
1%
SlovénieMunicipalitéLaško
1%
SlovénieMunicipalitéLenart
1%
SlovénieMunicipalitéLendava
1%
MoldavieDistrictLeova
1%
LettonieMunicipalitéLimbaži
1%
Macédoine du NordMunicipalitéLipkovo
1%
SlovénieMunicipalitéLitija
1%
LettonieMunicipalitéLīvāni
1%
SlovénieMunicipalitéLjubno
1%
SlovénieMunicipalitéLjutomer
1%
SlovénieMunicipalitéLogatec
1%
SlovénieMunicipalitéLoška Dolina
1%
SlovénieMunicipalitéLoški Potok
1%
SlovénieMunicipalitéLovrenc na Pohorju
1%
Macédoine du NordMunicipalitéLozovo
1%
LettonieMunicipalitéLudza
1%
SlovénieMunicipalitéLukovica
1%
SerbieDistrictMačva
1%
LettonieMunicipalitéMadona
1%
SlovénieMunicipalitéMajšperk
1%
Macédoine du NordMunicipalitéMakedonska Kamenitsa
1%
SlovénieMunicipalitéMakole
1%
SlovénieMunicipalitéMarkovci
1%
LettonieMunicipalitéMārupe
1%
Macédoine du NordMunicipalitéMavrovo et Rostoucha
1%
SlovénieMunicipalitéMedvode
1%
RoumanieComtéMehedinți
1%
SlovénieMunicipalitéMengeš
1%
SlovénieMunicipalitéMetlika
1%
SlovénieMunicipalitéMežica
1%
SlovénieMunicipalitéMiklavž na Dravskem Polju
1%
SlovénieMunicipalitéMiren-Kostanjevica
1%
SlovénieMunicipalitéMirna
1%
SlovénieMunicipalitéMirna Peč
1%
SlovénieMunicipalitéMislinja
1%
Macédoine du NordMunicipalitéMogila
1%
MonténégroMunicipalitéMojkovac
1%
SlovénieMunicipalitéMokronog-Trebelno
1%
SlovénieMunicipalitéMoravče
1%
SerbieDistrictMoravica
1%
SlovénieMunicipalitéMoravske Toplice
1%
IslandeMunicipalitéMosfellsbær
1%
SlovénieMunicipalitéMozirje
1%
SlovénieVilleMurska Sobota
1%
SlovénieMunicipalitéMuta
1%
IslandeMunicipalitéMýrdalshreppur
1%
SlovénieMunicipalitéNaklo
1%
SlovénieMunicipalitéNazarje
1%
RoumanieComtéNeamț
1%
Macédoine du NordMunicipalitéNegotino
1%
SerbieDistrictNišava
1%
MoldavieDistrictNisporeni
1%
IslandeMunicipalitéNorðurþing
1%
SlovénieVilleNova Gorica
1%
Macédoine du NordMunicipalitéNovatsi
1%
Macédoine du NordMunicipalitéNovo Selo
1%
MoldavieDistrictOcnița
1%
SlovénieMunicipalitéOdranci
1%
LettonieMunicipalitéOgre
1%
LettonieMunicipalitéOlaine
1%
IslandeMunicipalitéÖlfus
1%
SlovénieMunicipalitéOplotnica
1%
MoldavieDistrictOrhei
1%
SlovénieMunicipalitéOrmož
1%
SlovénieMunicipalitéOsilnica
1%
SerbieDistrictPčinja
1%
Macédoine du NordMunicipalitéPehtchevo
1%
SlovénieMunicipalitéPesnica
1%
MonténégroMunicipalitéPetnjica
1%
Macédoine du NordMunicipalitéPetrovets
1%
SerbieDistrictPirot
1%
SlovénieMunicipalitéPivka
1%
Macédoine du NordMunicipalitéPlasnitsa
1%
MonténégroMunicipalitéPljevlja
1%
MonténégroMunicipalitéPlužine
1%
SlovénieMunicipalitéPodčetrtek
1%
SlovénieMunicipalitéPodlehnik
1%
SlovénieMunicipalitéPodvelka
1%
SlovénieMunicipalitéPoljčane
1%
SlovénieMunicipalitéPolzela
1%
SerbieDistrictPomoravlje
1%
SlovénieMunicipalitéPostojna
1%
RoumanieComtéPrahova
1%
SlovénieMunicipalitéPrebold
1%
SlovénieMunicipalitéPreddvor
1%
LettonieMunicipalitéPreiļi
1%
SlovénieMunicipalitéPrevalje
1%
Macédoine du NordMunicipalitéPrilep
1%
Macédoine du NordMunicipalitéProbichtip
1%
SlovénieVillePtuj
1%
SlovénieMunicipalitéPuconci
1%
SlovénieMunicipalitéRače–Fram
1%
SlovénieMunicipalitéRadeče
1%
SlovénieMunicipalitéRadenci
1%
SlovénieMunicipalitéRadlje ob Dravi
1%
Macédoine du NordMunicipalitéRadovich
1%
SlovénieMunicipalitéRadovljica
1%
IslandeMunicipalitéRangárþing eystra
1%
IslandeMunicipalitéRangárþing ytra
1%
Macédoine du NordMunicipalitéRankovtsé
1%
SerbieDistrictRasina
1%
SerbieDistrictRaška
1%
SlovénieMunicipalitéRavne na Koroškem
1%
SlovénieMunicipalitéRazkrižje
1%
SlovénieMunicipalitéRečica ob Savinji
1%
SlovénieMunicipalitéRenče–Vogrsko
1%
Macédoine du NordMunicipalitéResen
1%
IslandeMunicipalitéReykhólahreppur
1%
IslandeMunicipalitéReykjanesbær
1%
LettonieVille capitaleRēzekne
1%
LettonieMunicipalitéRēzekne
1%
MoldavieDistrictRezina
1%
SlovénieMunicipalitéRibnica
1%
SlovénieMunicipalitéRibnica na Pohorju
1%
MoldavieDistrictRîșcani
1%
SlovénieMunicipalitéRogaška Slatina
1%
SlovénieMunicipalitéRogašovci
1%
SlovénieMunicipalitéRogatec
1%
LettonieMunicipalitéRopaži
1%
Macédoine du NordMunicipalitéRosoman
1%
MonténégroMunicipalitéRožaje
1%
RoumanieComtéSălaj
1%
LettonieMunicipalitéSalaspils
1%
LettonieMunicipalitéSaldus
1%
SlovénieMunicipalitéŠalovci
1%
LettonieMunicipalitéSaulkrasti
1%
MonténégroMunicipalitéŠavnik
1%
IslandeMunicipalitéSeltjarnarnes
1%
SlovénieMunicipalitéSemič
1%
SlovénieMunicipalitéŠempeter-Vrtojba
1%
SlovénieMunicipalitéŠenčur
1%
SlovénieMunicipalitéŠentilj
1%
SlovénieMunicipalitéŠentjernej
1%
SlovénieMunicipalitéŠentjur
1%
SlovénieMunicipalitéSevnica
1%
IslandeMunicipalitéSeyðisfjörður
1%
SlovénieMunicipalitéSežana
1%
LettonieMunicipalitéSigulda
1%
MoldavieDistrictSîngerei
1%
IslandeMunicipalitéSkaftárhreppur
1%
IslandeMunicipalitéSkagabyggð
1%
IslandeMunicipalitéSkagafjörður
1%
IslandeMunicipalitéSkagaströnd
1%
IslandeMunicipalitéSkeiða- og Gnúpverjahreppur
1%
SlovénieMunicipalitéŠkocjan
1%
SlovénieMunicipalitéŠkofja Loka
1%
IslandeMunicipalitéSkorradalshreppur
1%
IslandeMunicipalitéSkútustaðahreppur
1%
SlovénieVilleSlovenj Gradec
1%
SlovénieMunicipalitéSlovenska Bistrica
1%
SlovénieMunicipalitéŠmarje pri Jelšah
1%
SlovénieMunicipalitéŠmartno ob Paki
1%
SlovénieMunicipalitéŠmartno pri Litiji
1%
LettonieMunicipalitéSmiltene
1%
IslandeMunicipalitéSnæfellsbær
1%
SlovénieMunicipalitéSodražica
1%
SlovénieMunicipalitéSolčava
1%
MoldavieDistrictȘoldănești
1%
Macédoine du NordMunicipalitéSopichté
1%
MoldavieDistrictSoroca
1%
SlovénieMunicipalitéŠoštanj
1%
Macédoine du NordMunicipalitéStaro Nagoritchane
1%
SlovénieMunicipalitéStarše
1%
MoldavieDistrictȘtefan Vodă
1%
SlovénieMunicipalitéŠtore
1%
Macédoine du NordMunicipalitéStoudenitchani
1%
IslandeMunicipalitéStrandabyggð
1%
MoldavieDistrictStrășeni
1%
SlovénieMunicipalitéStraža
1%
Macédoine du NordMunicipalitéStrouga
1%
Macédoine du NordMunicipalitéStroumitsa
1%
IslandeMunicipalitéStykkishólmur
1%
IslandeMunicipalitéSúðavíkurhreppur
1%
IslandeMunicipalitéSuðurnesjabær
1%
SerbieDistrictŠumadija
1%
IslandeMunicipalitéSvalbarðshreppur
1%
IslandeMunicipalitéSvalbarðsstrandarhreppur
1%
SlovénieMunicipalitéSveta Ana
1%
SlovénieMunicipalitéSveta Trojica v Slovenskih Goricah
1%
SlovénieMunicipalitéSveti Andraž v Slovenskih Goricah
1%
SlovénieMunicipalitéSveti Jurij ob Ščavnici
1%
SlovénieMunicipalitéSveti Jurij v Slovenskih Goricah
1%
Macédoine du NordMunicipalitéSveti Nikolé
1%
SlovénieMunicipalitéSveti Tomaž
1%
SerbieDistrictSyrmie
1%
SlovénieMunicipalitéTabor
1%
IslandeMunicipalitéTálknafjorður
1%
LettonieMunicipalitéTalsi
1%
MoldavieDistrictTaraclia
1%
LituanieComtéTauragė
1%
Macédoine du NordMunicipalitéTchachka
1%
Macédoine du NordMunicipalitéTchair
1%
Macédoine du NordMunicipalitéTchéchinovo-Obléchévo
1%
Macédoine du NordMunicipalitéTchoutcher-Sandevo
1%
Macédoine du NordMunicipalitéTéartsé
1%
MoldavieDistrictTelenești
1%
RoumanieComtéTeleorman
1%
LituanieComtéTelšiai
1%
Macédoine du NordMunicipalitéTetovo
1%
IslandeMunicipalitéÞingeyjarsveit
1%
SlovénieMunicipalitéTišina
1%
IslandeMunicipalitéTjörneshreppur
1%
SlovénieMunicipalitéTolmin
1%
SerbieDistrictToplica
1%
SlovénieMunicipalitéTrbovlje
1%
SlovénieMunicipalitéTrebnje
1%
SlovénieMunicipalitéTržič
1%
SlovénieMunicipalitéTrzin
1%
Macédoine du NordMunicipalitéTsentar
1%
Macédoine du NordMunicipalitéTsentar Joupa
1%
LettonieMunicipalitéTukums
1%
SlovénieMunicipalitéTurnišče
1%
MonténégroMunicipalitéTuzi
1%
MoldavieDistrictUngheni
1%
Macédoine du NordMunicipalitéValandovo
1%
RoumanieComtéVâlcea
1%
LettonieMunicipalitéValka
1%
LettonieMunicipalitéValmiera
1%
LettonieMunicipalitéVarakļāni
1%
Macédoine du NordMunicipalitéVasilevo
1%
RoumanieComtéVaslui
1%
SlovénieVilleVelenje
1%
Macédoine du NordMunicipalitéVélès
1%
SlovénieMunicipalitéVelika Polana
1%
SlovénieMunicipalitéVelike Lašče
1%
SlovénieMunicipalitéVeržej
1%
IslandeMunicipalitéVesturbyggð
1%
Macédoine du NordMunicipalitéVevtchani
1%
SlovénieMunicipalitéVidem
1%
Macédoine du NordMunicipalitéVinitsa
1%
SlovénieMunicipalitéVipava
1%
SlovénieMunicipalitéVitanje
1%
SlovénieMunicipalitéVodice
1%
IslandeMunicipalitéVogar
1%
SlovénieMunicipalitéVojnik
1%
IslandeMunicipalitéVopnafjarðarhreppur
1%
RoumanieComtéVrancea
1%
SlovénieMunicipalitéVransko
1%
Macédoine du NordMunicipalitéVraptchichté
1%
SlovénieMunicipalitéVrhnika
1%
SlovénieMunicipalitéVuzenica
1%
Macédoine du NordMunicipalitéYégounovtsé
1%
SlovénieMunicipalitéZagorje ob Savi
1%
SerbieDistrictZaječar
1%
SlovénieMunicipalitéŽalec
1%
SlovénieMunicipalitéZavrč
1%
Macédoine du NordMunicipalitéZelenikovo
1%
SlovénieMunicipalitéŽelezniki
1%
SlovénieMunicipalitéŽetale
1%
SlovénieMunicipalitéŽiri
1%
SlovénieMunicipalitéŽirovnica
1%
SerbieDistrictZlatibor
1%
SlovénieMunicipalitéZreče
1%
Macédoine du NordMunicipalitéZrnovtsi
1%
SlovénieMunicipalitéŽužemberk
1%
SlovénieMunicipalitéSelnica ob Dravi
0%
SlovénieMunicipalitéŠentrupert
0%
SlovénieMunicipalitéŠkofljica
0%
SlovénieMunicipalitéSlovenske Konjice
0%
SlovénieMunicipalitéŠmarješke Toplice
0%
SlovénieMunicipalitéSredišče ob Dravi
0%
SlovénieMunicipalitéTrnovska Vas
0%

Distribution des résultats

Percentile par nombre de réponses

% des personnes avec chaque résultat

Votre développement - résultats

Vous n’avez pas pris ce quiz depuis la dernière actualisation